| 000 | 00982nam a22003137a 4500 | ||
|---|---|---|---|
| 003 | CHAP | ||
| 005 | 20220329135854.0 | ||
| 008 | 971013c19541949 r 00010 d | ||
| 010 | _a43602 | ||
| 011 | _a44574 | ||
| 035 | _a48712 | ||
| 040 | _cCHAP | ||
| 082 |
_a580 _bF85 1954 |
||
| 100 | 0 | 0 |
_aFuller, Harry James. _943932 |
| 245 | _aCollege botany | ||
| 260 |
_aNew York : _bHolt Rinehart and Winston, _c1954 (c.1949) |
||
| 300 |
_a993 p. _b: ilus. |
||
| 500 | _a1 c. reimpresión de 1960 | ||
| 590 |
_aBATCH-UPD _b10 _c20130110 _lUCH01 _h1819 |
||
| 590 |
_aBATCH-UPD _b10 _c20130410 _lUCH01 _h1153 |
||
| 590 |
_aBATCH-UPD _b10 _c20130914 _lUCH01 _h0732 |
||
| 590 |
_aCONVERSION _b10 _c20130109 _lUCH01 _h1324 |
||
| 650 | 1 | 4 |
_aBotánica. _914477 |
| 700 | 0 |
_aTippo, Oswald. _9113394 |
|
| 901 | _aBK | ||
| 942 | _cLIBRO | ||
| 949 |
_a580 F85 1954 _bBC _cLIBRO _d33724000501003 _eLIBRO _h28001 _i48712 _si |
||
| 949 |
_a580 F85 1954 _bBC _cLIBRO _d33724000501011 _eLIBRO _fc.2 _h25002 _i48712 _si |
||
| 999 |
_c43602 _d43602 |
||